| 000 | 00424nam a2200181Ia 4500 | ||
|---|---|---|---|
| 003 | 0STCL | ||
| 008 | 150530s9999 xx 000 0 und d | ||
| 040 |
_aSTCL _cSTCL |
||
| 100 | _aNarayana Panicker,R. | ||
| 245 | _aKerala Bhasha Sahithya Charithram | ||
| 250 | _a1 | ||
| 260 |
_bV V Publishing House ; Tvm _c1929 |
||
| 300 | _a0 | ||
| 546 | _aMalayalam | ||
| 942 |
_2ddc _cBK |
||
| 999 |
_c81353 _d81353 |
||
| 005 | 20220125171800.0 | ||